| 000 | 00595nam a2200205Ia 4500 | ||
|---|---|---|---|
| 005 | 20250923145817.0 | ||
| 008 | 008 250917s9999 xx 000 0 eng d | ||
| 037 | _aTextual | ||
| 040 |
_aDSWL _beng _cDSWL |
||
| 041 |
_aeng _2eng |
||
| 084 |
_aYx,zc;5-22.2, N88;2 _qDSWL |
||
| 100 |
_aMani, D.R. _9839177 |
||
| 245 | 4 |
_aThe Physically handicapped in India : Policy and programme _cby D.R.Mani |
|
| 260 |
_aNew Delhi _bAshish _c1988 |
||
| 300 | _axvi,1224p. | ||
| 365 |
_aINR _b150 |
||
| 925 | _g150 | ||
| 942 |
_cTEXL _hYx,zc;5-22.2, N88;2 |
||
| 999 |
_c1455981 _d1455981 |
||